000
00279nam a2200133Ia 4500
100
_a
Tumitty/Thomas
942
_c
BK
654
_a
autocad
245
_a
AUTOCAD for engineers
260
_b
Prentice Hall
_c
1991
082
_a
621.381
_b
TUM
300
_a
398
546
_a
ENGLISH
999
_c
19352
_d
19352